00467 2200193 4500001002100000005001500021008004100036020002200077035001900099041000700118082000800125090001400133100002500147245001800172260002100190300003000211500001000241650002200251INLIS00000000000307320241224112644241224||||||||| | ||| |||| || |  a978-979-066-936-9 0010-1224003073 aid0 a813 a813 HAW a0 aHawa Annisa Sudadiyo00aAwas Ada Bom! bDar! Mizanc2012 a102 hlm. : ilus, ; 20 cm. aCet.1 0aIlmu Kesusastraan